[Event "Bursa op 07"]
[Site "Bursa"]
[Date "2011.07.16"]
[Round "3"]
[White "Mecit, Emre"]
[Black "Baskurt, Serkan"]
[Result "1-0"]
[WhiteElo "2047"]
[BlackElo "1834"]
[PlyCount "86"]
[EventDate "2011.07.15"]
[EventType "swiss"]
[EventRounds "7"]
[EventCountry "TUR"]
[SourceTitle "EXT 2012"]
[Source "ChessBase"]
[SourceDate "2011.11.24"]
[SourceVersion "1"]
[SourceVersionDate "2011.11.24"]
[SourceQuality "1"]

1. e4 c6 2. d4 d5 3. exd5 cxd5 4. c4 Nf6 5. Nc3 Nc6 6. Bg5 dxc4 7. Bxc4 e6 8. d5 exd5 9. Nxd5 Be7 10. Nxe7 Qxe7+ 11. Qe2 0-0 12. Qxe7 Nxe7 13. Nf3 Bf5 14. 0-0 Rac8 15. Rac1 Nc6 16. Bxf6 gxf6 17. Rfd1 Ne5 18. Bd5 Rxc1 19. Rxc1 Nxf3+ 20. Bxf3 Rd8 21. Rc7 Rc8 22. Rxc8+ Bxc8 23. Kf1 Kf8 24. Ke2 Ke7 25. Ke3 Kd6 26. Kf4 b6 27. Be4 h6 28. Bf5 Ba6 29. Kg4 Be2+ 30. f3 Ke5 31. Bb1 Bf1 32. f4+ Kd4 33. Kf5 Bxg2 34. Kxf6 Bd5 35. Kg7 h5 36. f5 h4 37. f6 Ke5 38. Bh7 Kf4 39. Bg8 Kf3 40. Bxf7 Bxf7 41. Kxf7 Kg2 42. Ke7 Kxh2 43. a3 h3 1-0

[Event "Bursa op 06"]
[Site "Bursa"]
[Date "2011.06.26"]
[Round "6"]
[White "Baskurt, Serkan"]
[Black "Esen, Nejdet"]
[Result "0-1"]
[WhiteElo "1834"]
[BlackElo "2019"]
[PlyCount "108"]
[EventDate "2011.06.24"]
[EventType "swiss"]
[EventRounds "7"]
[EventCountry "TUR"]
[SourceTitle "EXT 2012"]
[Source "ChessBase"]
[SourceDate "2011.11.24"]
[SourceVersion "1"]
[SourceVersionDate "2011.11.24"]
[SourceQuality "1"]

1. d4 Nf6 2. c4 g6 3. Nc3 Bg7 4. e4 d6 5. f3 0-0 6. Be3 e5 7. Nge2 c6 8. Qd2 Nbd7 9. Bh6 exd4 10. Nxd4 Nxe4 11. Nxe4 Qh4+ 12. g3 Qxh6 13. Qxh6 Bxh6 14. Nxd6 Nc5 15. Nxc8 Re8+ 16. Kd1 Raxc8 17. Kc2 Rcd8 18. Rd1 Bg7 19. Nb3 Rxd1 20. Kxd1 Na4 21. Na5 Nxb2+ 22. Kc2 Re1 23. c5 Nd1 24. Nc4 Nf2 25. Rg1 Nh3 26. Rh1 Ng5 27. Nd2 Ne6 28. Nb3 Bd4 29. Kd2 Rb1 30. Nxd4 Nxd4 31. Bg2 Rxh1 32. Bxh1 Ne6 33. Kc3 Nxc5 34. Kd4 Nd7 35. f4 Kf8 36. g4 Ke7 37. h4 Kd6 38. Be4 Nc5 39. Bc2 f6 40. g5 Ne6+ 41. Ke3 fxg5 42. hxg5 c5 43. f5 gxf5 44. Bxf5 Nxg5 45. Kf4 h6 46. Bc8 b5 47. Ba6 Kc6 48. Kg4 c4 49. Bc8 Kd5 50. Bf5 b4 51. Bc2 Kd4 52. Kf4 Kc3 53. Bg6 a5 54. Ke3 Kb2 0-1